| 000 | 00000nam##2200000za#4500 |
| 001 | 9.572677 |
| 003 | CaOODSP |
| 005 | 20220111083120 |
| 007 | cr ||||||||||| |
| 008 | 150406|2003||||xxc|||||o f|0| 0 eng|d |
| 022 | |a1928-6414 |
| 040 | |aCaOODSP|beng |
| 043 | |an-cn--- |
| 086 | 1 |aNE22-1/2003-8E-PDF |
| 110 | 1 |aCanada. |bNational Energy Board. |
| 245 | 10|aReasons for decision in the matter of Trans-Northern Pipelines Inc. : |h[electronic resource]|bsection 58 application dated 26 June 2003 |
| 246 | 1 |aTrans-Northern Pipelines Inc. |
| 260 | |aCalgary - Alberta : |bNational Energy Board |cNovember 2003. |
| 300 | |a24p.|bmap |
| 490 | 1 |aReasons for decision|x1928-6414|vOHW-1-2003 |
| 500 | |aThe catalogue number (NE22-1/2003-8E) and ISBN (0-662-35256-4) for the print edition have been incorrectly copied in this electronic publication. |
| 590 | |a12-10-Supp|b2012-03-23 |
| 775 | 08|tMotifs de décision relativement à Pipelines Trans-Nord Inc. : |w(CaOODSP)9.603007 |
| 776 | 0#|tIn the matter of Trans-northern Pipeline Inc. : |w(CaOODSP)9.616577 |
| 830 | #0|aReasons for decision (Canada. National Energy Board)|x1928-6414|vOHW-1-2003|w(CaOODSP)9.504480 |
| 856 | 40|ahttp://publications.gc.ca|qPDF|s1,017 KB|uhttps://publications.gc.ca/collections/collection_2011/one-neb/NE22-1-2003-8-eng.pdf|yOHW-1-2003 |